[Event "Schleswig Holstein-ch U18 VM"]
[Site "Neumuenster"]
[Date "2005.03.21"]
[Round "4"]
[White "Groot, Patrick"]
[Black "Juergens, Timo"]
[Result "1-0"]
[WhiteElo "1325"]
[BlackElo "961"]
[PlyCount "43"]
[EventDate "2005.03.19"]
[EventType "swiss"]
[EventRounds "9"]
[EventCountry "GER"]
[SourceTitle "EXT 2007"]
[Source "ChessBase"]
[SourceDate "2006.11.23"]
[SourceVersion "1"]
[SourceVersionDate "2006.11.23"]
[SourceQuality "1"]

1. Nc3 e5 2. Nf3 Nc6 3. d4 exd4 4. Nxd4 Nf6 5. e4 Bc5 6. Nf5 d6 7. Nxg7+ Kf8 8. Bh6 Ke7 9. Nd5+ Nxd5 10. exd5 Ne5 11. Qe2 Rg8 12. f4 f6 13. fxe5 dxe5 14. Qe4 Rh8 15. 0-0-0 a5 16. Ne6 Qd6 17. Qg4 Bxe6 18. dxe6 Qxe6 19. Qg7+ Qf7 20. Rd7+ Kxd7 21. Qxf7+ Be7 22. Bc4 1-0